Loading...

Practical synthetic organic chemistry :

"A must-have desktop reference and textbook for every student and professional working in organic chemistry or related fields, Practical Synthetic Organic Chemistry provides the user with practical knowledge to assist in the planning and execution of synthetic reactions in the laboratory. Organ...

Full description

Bibliographic Details
Main Author: Stephane Caron
Other Authors: Caron, Stéphane
Format: Printed Book
Published: Hoboken, N.J. : Wiley, c2011.
Subjects:
LEADER 01356cam a2200217 a 4500
020 |a 9780470037331 (pbk.) 
020 |a 9781118093559 (oBooK ISBN) 
020 |a 9781118093573 (ePDF ISBN) 
020 |a 9781118093566 (ePub ISBN) 
082 0 0 |a 547/.2 P11 
100 |a Stephane Caron 
245 0 0 |a Practical synthetic organic chemistry : 
260 |a Hoboken, N.J. :  |b Wiley,  |c c2011. 
300 |a xii, 856 p. ; 
520 |a "A must-have desktop reference and textbook for every student and professional working in organic chemistry or related fields, Practical Synthetic Organic Chemistry provides the user with practical knowledge to assist in the planning and execution of synthetic reactions in the laboratory. Organized classically by reaction type, the work selects the most reliable and useful reactions, and provides the information necessary for a chemist to strategically plan a synthesis, as well as repeat the procedures in the laboratory. The text provides information on the basics of the reaction, the synthetic procedure(s), mechanism, and scope of the reaction"-- 
650 0 |a Organic compounds 
650 7 |a SCIENCE / Chemistry / Organic 
700 1 |a Caron, Stéphane. 
942 |c BK 
999 |c 107153  |d 107153 
952 |0 0  |1 0  |4 0  |6 547_000000000000000__2_P11  |7 0  |9 101897  |a SCS  |b SCS  |d 2015-03-25  |l 0  |o 547/.2 P11  |p SCS03769  |r 2015-03-25  |w 2015-03-25  |y BK